| 000 | 00000nam##2200000za#4500 |
| 001 | 9.610588 |
| 003 | CaOODSP |
| 005 | 20211117134605 |
| 007 | ta |
| 008 | 150406|1993||||xxc||||| f|0| 0 eng|d |
| 020 | |a0-662-20886-2 |
| 040 | |aCaOODSP|beng |
| 043 | |an-cn--- |
| 086 | 1 |aEn106-20/1993E |
| 110 | 1 |aCanada. |bFederal Environmental Assessment Review Office. |
| 245 | 10|aHalifax harbour cleanup project |
| 260 | |aOttawa - Ontario : |bEnvironment Canada. |c1993. |
| 300 | |a79p. : |bfigs., references, tables ; |c28 cm. |
| 490 | 1 |aReport of the Canada-Nova Scotia Environmental Assessment Panel |
| 500 | |a"In November 1990, the federal and provincial Ministers of the Environment jointly appointed an independent Environmental Assessment Panel to conduct a review of the proposal by Halifax Harbour Cleanup Inc. (HHCI) to design and construct a Halifax-Dartmouth Metropolitan Sewage Treatment Facility (the "Project"). Further instructions from the Ministers made it clear that the Panel would also address the broader issue of regional wastewater management."--Summary. |
| 520 | 3 |aIn November 1990, the federal and provincial Ministers of the Environment jointly appointed an independent Environmental Assessment Panel to conduct a review of the proposal by Halifax Harbour Cleanup Inc. (HHCI) to design and construct a Halifax-Dartmouth Metropolitan Sewage Treatment Facility (the Project). Further instructions from the Ministers made it clear that the Panel would also address the broader issue of regional wastewater management.--Summary |
| 563 | |aSoftcover |
| 590 | |a93-38|b1993-09-24 |
| 690 | 07|aWaste management|2gcpds |
| 830 | #0|aReport of the Canada-Nova Scotia Environmental Assessment Panel.|w(CaOODSP)9.514540 |